000 00856nam a2200229 a 4500
001 000026422
005 20240226145041.0
008 110317s1978 dr c 000 0 spa d
040 _aDO-SdBNP
_bspa
_cBNPHU
082 _a970.00496
_bL453e
100 1 _aLebrón Saviñón, Carlos,
_d1924-
_929195
245 1 0 _aEste negro nuestro a quien debemos querer /
_cCarlos Lebrón Saviñón ; prólogo Enrique Patín Veloz.
260 _aSanto Domingo :
_bCultural Dominicana,
_c1978.
300 _a267 p. :
_bretrs. ;
_c21 cm.
500 _aIncluye datos biográficos del autor en la contracubierta
504 _aBibliografía: p. 265-267
590 _aInventariado, 2020/YL
650 4 _aNegros
_zAmérica
_953466
650 4 _aNegros
_zRepública Dominicana
_92558
700 1 2 _aPatín Veloz, Enrique
_epról.
_93425
910 _aValidado. Control de calidad MFF
999 _c25914
_d25914